000 00457nab a2200145Ia 4500
003 ES-SlBCS
005 20210601131738.0
008 140529s1954 xxu||||| |||| 00| 0 fre d
041 _afre
100 1 _aMerli, Gianfranco
_9188503
245 0 0 _aG. Gronchi et l'avenir de la Democrazia cristiana
_c Gianfranco Merli
650 0 4 _aDemocracia Cristiana Italiana
_9188504
773 0 _tVie Intelectuelle (La)
_gnº. 7, 1954, págs. 144-152
_wRev907
942 _cAR
999 _c568070
_d568070